A maid primer
Furkejuvvon:
| Váldodahkki: | |
|---|---|
| Materiálatiipa: | Girji |
| Giella: | English |
| Almmustuhtton: |
Ann Arbor : Michigan
1964
|
| Fáttát: | |
| Fáddágilkorat: |
Lasit fáddágilkoriid
Eai fáddágilkorat, Lasit vuosttaš fáddágilkora!
|
MARC
| LEADER | 00000nam a2200000Ia 4500 | ||
|---|---|---|---|
| 003 | L000658 | ||
| 005 | 20221231143947.0 | ||
| 008 | 140114s1964 miua 000 ||eng d | ||
| 040 | |c cru CEDI | ||
| 082 | |a 001.642.4 O-67m | ||
| 100 | |a Organick, Elliott Irving, 1925- |9 20640 | ||
| 245 | |a A maid primer | ||
| 260 | |a Ann Arbor : Michigan |c 1964 | ||
| 650 | |x LENGUAJES DE PROGRAMACION (COMPUTADORAS ELECTRONICAS) |x PROGRAMAS PARA COMPUTADORA |x LENGUAJE |x PROGRAMACION |9 20641 | ||
| 942 | |2 ddc | ||
| 999 | |c 14837 |d 14837 | ||
